00637nam a2200229 a 4500001001300000003000900013005001700022008004100039020001000080082002100090100002200111245001800133260004900151300000900200500003500209505001000244650002200254902000800276942000700284952010100291999001500392nice12345678IN_TiNIC20260116011424.0050524s1944 newa grp 000 0 eng  ac10000a909.0974927bFAR aFaris, Nabih Amin aArab Heritage aNew JersybPrinceston University Pressc1944 a279p aincludes index and biblioraphy2 aIndex aCivilization-Arab bSRS cBK 00104070aHMIbHMId2007-06-05g100.00l0o909.0974927 FARp01033r2007-06-05w2026-01-16yEB c1386d1386